[Event "Niedersachsen-ch op-A"]
[Site "Verden"]
[Date "2014.01.04"]
[Round "5"]
[White "Ehrlich, Sven"]
[Black "Ewert, Hannes"]
[Result "1-0"]
[WhiteElo "1933"]
[BlackElo "1749"]
[PlyCount "59"]
[EventDate "2014.01.02"]
[EventType "swiss"]
[EventRounds "7"]
[EventCountry "GER"]
[SourceTitle "EXT 2016"]
[Source "ChessBase"]
[SourceDate "2015.10.08"]
[SourceVersion "1"]
[SourceVersionDate "2015.10.08"]
[SourceQuality "1"]

1. e4 g6 2. d4 Bg7 3. Nc3 d6 4. Be3 Nf6 5. Bc4 c6 6. f3 0-0 7. Qd2 Nbd7 8. g4 b5 9. Bd3 Nb6 10. Nge2 Nc4 11. Bxc4 bxc4 12. h4 e5 13. Ng3 exd4 14. Bxd4 d5 15. g5 Ne8 16. 0-0-0 Qc7 17. Rdg1 Be6 18. h5 Bxd4 19. Qxd4 c5 20. Qd2 d4 21. Nd5 Bxd5 22. exd5 f5 23. hxg6 hxg6 24. Rh6 Qg7 25. Rgh1 Rf7 26. Qh2 Kf8 27. Rh8+ Ke7 28. Qe2+ Kd7 29. Qe6+ Kc7 30. Qc6+ 1-0

[Event "Niedersachsen-ch op-A"]
[Site "Verden"]
[Date "2014.01.04"]
[Round "6"]
[White "Herrmann, Andreas"]
[Black "Ehrlich, Sven"]
[Result "1/2-1/2"]
[WhiteElo "2157"]
[BlackElo "1933"]
[PlyCount "118"]
[EventDate "2014.01.02"]
[EventType "swiss"]
[EventRounds "7"]
[EventCountry "GER"]
[SourceTitle "EXT 2016"]
[Source "ChessBase"]
[SourceDate "2015.10.08"]
[SourceVersion "1"]
[SourceVersionDate "2015.10.08"]
[SourceQuality "1"]

1. d4 Nf6 2. Nf3 e6 3. c3 b6 4. Bf4 Bb7 5. Nbd2 Be7 6. h3 d5 7. e3 0-0 8. Be2 Nbd7 9. 0-0 c5 10. a4 Nh5 11. Bh2 f5 12. a5 f4 13. a6 Bc6 14. Ne5 Nxe5 15. dxe5 fxe3 16. fxe3 Rxf1+ 17. Nxf1 g6 18. Bxh5 gxh5 19. Qxh5 Kh8 20. Qg4 Qg8 21. Qxg8+ Rxg8 22. Bf4 d4 23. g3 dxc3 24. bxc3 Rd8 25. c4 Be4 26. Ra2 Bd3 27. Nd2 b5 28. cxb5 Bxb5 29. Ne4 Rd1+ 30. Kf2 Bc6 31. Ke2 Rh1 32. Nf2 Bb5+ 33. Kf3 Rb1 34. Kg4 c4 35. Bg5 Bb4 36. Ne4 c3 37. Rf2 Rf1 38. Nxc3 Bxc3 39. Bf6+ Kg8 40. Rc2 Ba5 41. Kh4 Bd7 42. Rc4 Be8 43. Rc8 Kf7 44. Rb8 Rc1 45. Kh5 Bb6 46. g4 Rh1 47. Rb7+ Kf8+ 48. Kh4 Bg6 49. Rb8+ Kf7 50. Rb7+ Ke8 51. Bg5 Ba5 52. Bf4 Bd8+ 53. Bg5 Ba5 54. Bf4 Rg1 55. Rxa7 Bd8+ 56. Bg5 Ba5 57. Ra8+ Kd7 58. Bf4 Bd8+ 59. Bg5 Ba5 1/2-1/2

[Event "Niedersachsen-ch op-A"]
[Site "Verden"]
[Date "2014.01.02"]
[Round "2"]
[White "Albrecht, Carsten"]
[Black "Ehrlich, Sven"]
[Result "1/2-1/2"]
[WhiteElo "1928"]
[BlackElo "1933"]
[PlyCount "50"]
[EventDate "2014.01.02"]
[EventType "swiss"]
[EventRounds "7"]
[EventCountry "GER"]
[SourceTitle "EXT 2016"]
[Source "ChessBase"]
[SourceDate "2015.10.08"]
[SourceVersion "1"]
[SourceVersionDate "2015.10.08"]
[SourceQuality "1"]

1. d4 Nf6 2. Nf3 e6 3. e3 b6 4. Bd3 Bb7 5. 0-0 Be7 6. Nbd2 d5 7. Qe2 0-0 8. Ne5 c5 9. c3 Nbd7 10. Ndf3 Ne4 11. Nxd7 Qxd7 12. Ne5 Qc7 13. f4 f6 14. Ng4 f5 15. Ne5 Bd6 16. Bd2 c4 17. Bxe4 fxe4 18. Be1 Qe7 19. Qg4 Bxe5 20. fxe5 Rxf1+ 21. Kxf1 Rf8+ 22. Kg1 Bc6 23. Bh4 Qf7 24. Qe2 Ba4 25. Rf1 Qxf1+ 1/2-1/2

[Event "Lueneburg distr-chA"]
[Site "Winsen/Luhe"]
[Date "2011.10.21"]
[Round "9.1"]
[White "Rabeler, Gert"]
[Black "Ehrlich, Sven"]
[Result "1-0"]
[WhiteElo "2229"]
[BlackElo "1915"]
[PlyCount "60"]
[EventDate "2011.10.??"]
[EventType "swiss"]
[EventRounds "9"]
[EventCountry "GER"]
[SourceTitle "EXT 2013"]
[Source "ChessBase"]
[SourceDate "2012.11.22"]
[SourceVersion "1"]
[SourceVersionDate "2012.11.22"]
[SourceQuality "1"]

1. c4 Nf6 2. Nc3 d5 3. cxd5 Nxd5 4. g3 Nxc3 5. bxc3 g6 6. Bg2 Bg7 7. Rb1 0-0 8. Rxb7 Bxb7 9. Bxb7 Nd7 10. Bxa8 Qxa8 11. f3 e5 12. Nh3 Kh8 13. Qa4 Nc5 14. Qc4 Ne6 15. 0-0 Qc8 16. Ba3 Rd8 17. d3 Bf6 18. Nf2 c5 19. Rb1 Be7 20. Bc1 Bd6 21. Bh6 f5 22. Rb3 Rg8 23. Ra3 g5 24. Ra6 Qd7 25. Qd5 Rd8 26. Rxa7 Qxa7 27. Qxe6 Qe7 28. Qxf5 Re8 29. Bxg5 Qe6 30. Bf6+ Kg8 1-0

[Event "Pinneberg-ch"]
[Site "Pinneberg"]
[Date "2011.08.25"]
[Round "2"]
[White "Ehrlich, Sven"]
[Black "Kuhn, Gerd"]
[Result "0-1"]
[WhiteElo "1915"]
[BlackElo "2127"]
[PlyCount "46"]
[EventDate "2011.08.18"]
[EventType "swiss"]
[EventRounds "7"]
[EventCountry "GER"]
[SourceTitle "CBM 144 Extra"]
[Source "ChessBase"]
[SourceDate "2011.10.28"]
[SourceVersion "1"]
[SourceVersionDate "2011.10.28"]
[SourceQuality "1"]

1. e4 c6 2. d4 d5 3. exd5 cxd5 4. c4 Nf6 5. Nc3 g6 6. Nf3 Bg7 7. Bf4 0-0 8. c5 Nc6 9. Bb5 Bg4 10. Qa4 Bxf3 11. gxf3 Nh5 12. Be3 Qd7 13. f4 Bh6 14. Ne2 a6 15. Bd3 f5 16. b4 Qc7 17. Qb3 e6 18. Kd2 Nxf4 19. Rag1 Nxe2 20. Kxe2 f4 21. Bxg6 hxg6 22. Rxg6+ Bg7 23. Rhg1 Rf7 0-1

[Event "Harburg-chD 7th"]
[Site "Hamburg"]
[Date "2009.07.05"]
[Round "4"]
[White "Ehrlich, Sven"]
[Black "Hagenlueke, Thomas"]
[Result "0-1"]
[WhiteElo "1933"]
[BlackElo "1942"]
[PlyCount "165"]
[EventDate "2009.07.03"]
[EventType "tourn"]
[EventRounds "5"]
[EventCountry "GER"]
[SourceTitle "EXT 2010"]
[Source "ChessBase"]
[SourceDate "2010.11.25"]
[SourceVersion "1"]
[SourceVersionDate "2010.11.25"]
[SourceQuality "1"]

1. Nf3 d5 2. d4 e6 3. c4 c6 4. g3 Nf6 5. Bg2 Nbd7 6. 0-0 Be7 7. Nc3 0-0 8. b3 b6 9. Bb2 Bb7 10. Rc1 Rc8 11. Nd2 c5 12. cxd5 cxd4 13. Nb5 Bxd5 14. Nxd4 Bxg2 15. Kxg2 Rc5 16. Ba3 Rxc1 17. Qxc1 Qa8+ 18. Kg1 Rc8 19. Qb2 Bxa3 20. Qxa3 Ne4 21. Nc4 Qd5 22. Nf3 b5 23. Ne3 Qb7 24. Qe7 Nc3 25. Re1 h6 26. Ne5 Nc5 27. Qxb7 Nxb7 28. Nd3 Nc5 29. Nxc5 Rxc5 30. b4 Rc6 31. a3 Rd6 32. Nf1 Ra6 33. Ra1 Nxe2+ 34. Kg2 Nc3 35. Nd2 Kf8 36. Nb3 Nd5 37. Na5 Rd6 38. Rc1 Rd7 39. Rc5 a6 40. Rc6 Nc7 41. Nb7 Ne8 42. Nc5 Rd6 43. Rxa6 Rxa6 44. Nxa6 Nd6 45. Nc5 Nc4 46. a4 bxa4 47. Nxa4 Ke7 48. Nc3 Nb2 49. Kf3 Nd3 50. b5 Kd6 51. Na4 Nc5 52. Nb6 Nb7 53. Na4 Kd5 54. Ke3 Kc4 55. Nb2+ Kxb5 56. Kd4 f6 57. f4 Nd6 58. Nd1 Nf5+ 59. Ke4 Kc5 60. Nf2 Nd6+ 61. Ke3 Kd5 62. Nd3 e5 63. fxe5 fxe5 64. Nf2 Nf5+ 65. Kd3 Nd4 66. h3 Nf5 67. g4 Nd6 68. Nd1 e4+ 69. Ke3 Nc4+ 70. Ke2 Kd4 71. Nf2 Nd6 72. Nd1 Nb5 73. Kd2 Nd6 74. Ke2 Nf7 75. Ne3 g6 76. Nc2+ Ke5 77. Kf2 Ng5 78. Kg3 Ne6 79. Ne3 Kd4 80. Kf2 Nf4 81. h4 g5 82. hxg5 hxg5 83. Nf5+ 0-1

[Event "Harburg-chD 7th"]
[Site "Hamburg"]
[Date "2009.07.04"]
[Round "3"]
[White "Neitzel, Mirko"]
[Black "Ehrlich, Sven"]
[Result "1/2-1/2"]
[WhiteElo "1841"]
[BlackElo "1933"]
[PlyCount "29"]
[EventDate "2009.07.03"]
[EventType "tourn"]
[EventRounds "5"]
[EventCountry "GER"]
[SourceTitle "EXT 2010"]
[Source "ChessBase"]
[SourceDate "2010.11.25"]
[SourceVersion "1"]
[SourceVersionDate "2010.11.25"]
[SourceQuality "1"]

1. c4 Nf6 2. Nc3 g6 3. g3 c6 4. Bg2 d5 5. cxd5 Nxd5 6. Nf3 Bg7 7. 0-0 0-0 8. a3 Nd7 9. Qc2 N7b6 10. d3 Be6 11. Bd2 Qd7 12. Ng5 Nxc3 13. Bxc3 Rfd8 14. Bxg7 Kxg7 15. Nxe6+ 1/2-1/2

[Event "Pinneberg-ch"]
[Site "Pinneberg"]
[Date "2008.10.02"]
[Round "6"]
[White "Oelrichs, Manfred"]
[Black "Ehrlich, Sven"]
[Result "0-1"]
[WhiteElo "1646"]
[BlackElo "1945"]
[PlyCount "94"]
[EventDate "2008.08.28"]
[EventType "swiss"]
[EventRounds "7"]
[EventCountry "GER"]
[SourceTitle "EXT 2011"]
[Source "ChessBase"]
[SourceDate "2010.11.26"]
[SourceVersion "1"]
[SourceVersionDate "2010.11.26"]
[SourceQuality "1"]

1. Nf3 Nf6 2. c4 g6 3. b3 Bg7 4. Bb2 0-0 5. g3 d5 6. Bg2 c6 7. 0-0 Bg4 8. cxd5 Nxd5 9. Bxg7 Kxg7 10. e4 Nf6 11. Qe2 Nbd7 12. d4 Rc8 13. h3 Bxf3 14. Bxf3 Nb6 15. Rd1 Qc7 16. e5 Nfd5 17. Na3 Rfd8 18. Bg4 e6 19. Nc4 h5 20. Bf3 Nxc4 21. bxc4 Ne7 22. Qe4 b5 23. Rac1 Qb6 24. cxb5 cxb5 25. Rxc8 Rxc8 26. Qh4 Nd5 27. Bxd5 exd5 28. g4 hxg4 29. Qxg4 Qe6 30. Qxe6 fxe6 31. Rd2 Rc3 32. Kg2 b4 33. f3 g5 34. Kg3 Kg6 35. Kg4 a5 36. h4 gxh4 37. f4 h3 38. f5+ exf5+ 39. Kf4 a4 40. e6 Kf6 41. Re2 Ke7 42. Kxf5 b3 43. axb3 axb3 44. Rh2 Re3 45. Rb2 Re1 46. Rxb3 h2 47. Rb7+ Kd6 0-1

[Event "Pinneberg-ch"]
[Site "Pinneberg"]
[Date "2008.09.18"]
[Round "4"]
[White "Keuneke, Hanno"]
[Black "Ehrlich, Sven"]
[Result "0-1"]
[WhiteElo "1677"]
[BlackElo "1945"]
[PlyCount "62"]
[EventDate "2008.08.28"]
[EventType "swiss"]
[EventRounds "7"]
[EventCountry "GER"]
[SourceTitle "EXT 2011"]
[Source "ChessBase"]
[SourceDate "2010.11.26"]
[SourceVersion "1"]
[SourceVersionDate "2010.11.26"]
[SourceQuality "1"]

1. e4 e6 2. d4 d5 3. Nc3 Bb4 4. e5 c5 5. a3 Bxc3+ 6. bxc3 Ne7 7. Qg4 cxd4 8. Qxg7 Rg8 9. Qxh7 Qc7 10. Ne2 Nbc6 11. f4 Bd7 12. Qd3 dxc3 13. Qxc3 Nf5 14. Bd2 Qb6 15. Qb3 Ncd4 16. Qxb6 axb6 17. Nxd4 Nxd4 18. Kd1 Ba4 19. Rc1 Rc8 20. g3 Rxc2 21. Rxc2 Bxc2+ 22. Kc1 Be4 23. Rg1 Kd7 24. Kb2 Rh8 25. h4 Rg8 26. Bb4 Nf3 27. Bb5+ Kd8 28. Rc1 Nd4 29. Bf1 Rxg3 30. Bd6 Nc6 31. Rc4 dxc4 0-1

[Event "Lueneburg distr-ch Vormeisterturnier"]
[Site "Buchholz in der Nordheide"]
[Date "2007.11.02"]
[Round "9.5"]
[White "Richter, Stephan"]
[Black "Ehrlich, Sven"]
[Result "1/2-1/2"]
[WhiteElo "1810"]
[BlackElo "1849"]
[PlyCount "31"]
[EventDate "2007.10.27"]
[EventType "swiss"]
[EventRounds "9"]
[EventCountry "GER"]
[SourceTitle "EXT 2015"]
[Source "ChessBase"]
[SourceDate "2014.11.20"]
[SourceVersion "1"]
[SourceVersionDate "2014.11.20"]
[SourceQuality "1"]

1. Nf3 Nf6 2. c4 g6 3. Nc3 d5 4. cxd5 Nxd5 5. Qb3 Nb6 6. d4 Bg7 7. Bg5 Be6 8. Qc2 N8d7 9. Rd1 c6 10. h3 0-0 11. e4 Nf6 12. Bd3 Rc8 13. 0-0 Qc7 14. Rc1 Bc4 15. Rfd1 Rfd8 16. Bxc4 1/2-1/2

[Event "Lueneburg distr-ch Vormeisterturnier"]
[Site "Buchholz in der Nordheide"]
[Date "2007.10.29"]
[Round "3.2"]
[White "Ehrlich, Sven"]
[Black "Nannt, Michael"]
[Result "1-0"]
[WhiteElo "1849"]
[BlackElo "1663"]
[PlyCount "83"]
[EventDate "2007.10.27"]
[EventType "swiss"]
[EventRounds "9"]
[EventCountry "GER"]
[SourceTitle "EXT 2015"]
[Source "ChessBase"]
[SourceDate "2014.11.20"]
[SourceVersion "1"]
[SourceVersionDate "2014.11.20"]
[SourceQuality "1"]

1. c4 b6 2. Nf3 Bb7 3. g3 e6 4. Bg2 Bc5 5. 0-0 Ne7 6. d4 Bd6 7. Nc3 a6 8. b3 0-0 9. Bb2 c5 10. Rc1 Ng6 11. e3 Be7 12. dxc5 Bxc5 13. Qe2 Qc7 14. Rfd1 Rd8 15. Ne1 Bxg2 16. Nxg2 Be7 17. f4 Bf6 18. e4 d6 19. Rc2 Nc6 20. Rcd2 Nf8 21. Qe3 Rab8 22. Ba3 Be7 23. Ne2 Rd7 24. Nd4 Rbd8 25. Ne1 h6 26. Nef3 Nxd4 27. Rxd4 Bf6 28. R4d3 e5 29. f5 Nh7 30. h4 Be7 31. Kg2 Qc6 32. Nxe5 dxe5 33. Bxe7 Rxd3 34. Rxd3 Rxd3 35. Qxd3 Qa8 36. Qd8+ Qxd8 37. Bxd8 g5 38. hxg5 Nxg5 39. Bxg5 hxg5 40. Kf3 f6 41. Kg4 Kf7 42. Kh5 1-0

[Event "Lueneburg distr-ch Vormeisterturnier"]
[Site "Buchholz in der Nordheide"]
[Date "2007.10.29"]
[Round "4.1"]
[White "Sturm, Frank"]
[Black "Ehrlich, Sven"]
[Result "1/2-1/2"]
[WhiteElo "1770"]
[BlackElo "1849"]
[PlyCount "44"]
[EventDate "2007.10.27"]
[EventType "swiss"]
[EventRounds "9"]
[EventCountry "GER"]
[SourceTitle "EXT 2015"]
[Source "ChessBase"]
[SourceDate "2014.11.20"]
[SourceVersion "1"]
[SourceVersionDate "2014.11.20"]
[SourceQuality "1"]

1. e4 c6 2. d4 d5 3. Nd2 dxe4 4. Nxe4 Bf5 5. Ng3 Bg6 6. Nf3 Nd7 7. h4 h6 8. h5 Bh7 9. Bd3 Bxd3 10. Qxd3 e6 11. Bf4 Qa5+ 12. Bd2 Qc7 13. 0-0-0 0-0-0 14. Qe2 Ngf6 15. Rh4 Bd6 16. Ne4 Nxe4 17. Rxe4 Nf6 18. Rh4 Rhe8 19. Ne5 Qe7 20. Ba5 Bc7 21. Bxc7 Kxc7 22. Qd2 Kc8 1/2-1/2

[Event "Harburg-chC 5th"]
[Site "Hamburg"]
[Date "2007.07.07"]
[Round "3"]
[White "Schoettker, Jochen"]
[Black "Ehrlich, Sven"]
[Result "1/2-1/2"]
[WhiteElo "1939"]
[BlackElo "2001"]
[PlyCount "59"]
[EventDate "2007.07.06"]
[EventType "tourn"]
[EventRounds "5"]
[EventCountry "GER"]
[SourceTitle "EXT 2008"]
[Source "ChessBase"]
[SourceDate "2007.11.25"]
[SourceVersion "1"]
[SourceVersionDate "2007.11.25"]
[SourceQuality "1"]

1. b4 d5 2. Bb2 e6 3. e3 Nf6 4. a3 c5 5. b5 b6 6. Nf3 Nbd7 7. c4 Bb7 8. d4 Be7 9. Nbd2 0-0 10. Qb3 Re8 11. Bd3 cxd4 12. exd4 Ne4 13. 0-0 Ndf6 14. Rac1 Nxd2 15. Nxd2 dxc4 16. Bxc4 Nd5 17. Nf3 Bd6 18. Ne5 Bxe5 19. dxe5 Nf4 20. Rfd1 Bd5 21. Qg3 Bxc4 22. Qxf4 Bd5 23. h4 Qe7 24. Rd3 Rec8 25. Rdc3 Qb7 26. f3 Rxc3 27. Rxc3 Rc8 28. h5 h6 29. Qc1 Rxc3 30. Qxc3 1/2-1/2

[Event "Pinneberg-ch"]
[Site "Pinneberg"]
[Date "2006.09.28"]
[Round "7.17"]
[White "Ehrlich, Sven"]
[Black "Wolff, Stefan"]
[Result "0-1"]
[WhiteElo "1793"]
[BlackElo "1963"]
[PlyCount "52"]
[EventDate "2006.08.22"]
[EventType "swiss"]
[EventRounds "7"]
[EventCountry "GER"]
[SourceTitle "EXT 2007"]
[Source "ChessBase"]
[SourceDate "2006.11.23"]
[SourceVersion "1"]
[SourceVersionDate "2006.11.23"]
[SourceQuality "1"]

1. Nf3 c5 2. c4 e6 3. d4 Nf6 4. Nc3 a6 5. g3 cxd4 6. Nxd4 Qc7 7. Qa4 Bc5 8. e3 b5 9. cxb5 Bb7 10. Rg1 0-0 11. Be2 d5 12. Nf3 axb5 13. Qh4 b4 14. Nb5 Qe7 15. Ne5 Nbd7 16. Nxd7 Qxd7 17. Bd2 Ne4 18. Nd4 Be7 19. Qh3 Ng5 20. Qf1 Rfc8 21. h4 Ne4 22. Bd3 e5 23. Nb3 Qa4 24. Nc1 Nxd2 25. Kxd2 e4 26. Bb1 Bf6 0-1

[Event "Pinneberg-ch"]
[Site "Pinneberg"]
[Date "2006.09.21"]
[Round "6.17"]
[White "Meyerhold, Sven"]
[Black "Ehrlich, Sven"]
[Result "1-0"]
[WhiteElo "1944"]
[BlackElo "1793"]
[PlyCount "55"]
[EventDate "2006.08.22"]
[EventType "swiss"]
[EventRounds "7"]
[EventCountry "GER"]
[SourceTitle "EXT 2007"]
[Source "ChessBase"]
[SourceDate "2006.11.23"]
[SourceVersion "1"]
[SourceVersionDate "2006.11.23"]
[SourceQuality "1"]

1. e4 e6 2. d4 d5 3. Nc3 Bb4 4. e5 c5 5. a3 Bxc3+ 6. bxc3 Ne7 7. h4 Nbc6 8. h5 Bd7 9. h6 gxh6 10. Nf3 Qc7 11. Be2 Rc8 12. Bxh6 Nf5 13. Bg5 h6 14. g4 Nfe7 15. Bf6 Rg8 16. Rxh6 cxd4 17. cxd4 Rxg4 18. Rh8+ Ng8 19. Kf1 Nce7 20. Ng5 Rf4 21. Bd3 Qc3 22. Nxf7 Qxd4 23. Nd6+ Kf8 24. Bxe7+ Kxe7 25. Nxc8+ Bxc8 26. Qe1 Kf7 27. Rb1 b6 28. Rb4 1-0

[Event "Pinneberg-ch"]
[Site "Pinneberg"]
[Date "2006.09.15"]
[Round "5.24"]
[White "Ehrlich, Sven"]
[Black "Laber, Witalij"]
[Result "1-0"]
[WhiteElo "1793"]
[BlackElo "1534"]
[PlyCount "173"]
[EventDate "2006.08.22"]
[EventType "swiss"]
[EventRounds "7"]
[EventCountry "GER"]
[SourceTitle "EXT 2007"]
[Source "ChessBase"]
[SourceDate "2006.11.23"]
[SourceVersion "1"]
[SourceVersionDate "2006.11.23"]
[SourceQuality "1"]

1. Nf3 g6 2. c4 Bg7 3. Nc3 b6 4. g3 Bb7 5. Bg2 e5 6. d3 a6 7. 0-0 Nc6 8. Bg5 Qc8 9. e4 f6 10. Be3 Nge7 11. Qd2 Na5 12. b4 Nac6 13. Nd5 d6 14. Rfc1 Qd7 15. a4 Nxd5 16. cxd5 Ne7 17. Bh6 0-0 18. h4 Kh8 19. Kh2 Qd8 20. Ra3 Bxh6 21. Qxh6 Ng8 22. Qe3 Ne7 23. Rac3 Rc8 24. Bh3 f5 25. Ng5 Bxd5 26. exd5 Nxd5 27. Qd2 Qe7 28. Rc6 h6 29. Nf3 Kg7 30. a5 Rb8 31. Bg2 f4 32. Ng1 fxg3+ 33. fxg3 Nf6 34. Rxc7 Nd7 35. Bh3 Rfd8 36. Qa2 g5 37. Rf1 Rbc8 38. axb6 Rxc7 39. bxc7 Rc8 40. Qe6 Qxe6 41. Bxe6 Rxc7 42. Rf7+ Kg6 43. Rxd7 Rc6 44. Bc4 g4 45. Ra7 Rb6 46. Rxa6 Rxb4 47. Rxd6+ Kg7 48. Ne2 e4 49. Rd4 exd3 50. Bxd3 Rxd4 51. Nxd4 Kf6 52. Kg2 Ke5 53. Nf5 h5 54. Kf2 Kd5 55. Ke3 Ke5 56. Bc2 Kd5 57. Kd3 Ke5 58. Kc4 Kf6 59. Kd5 Kf7 60. Ke5 Kg6 61. Ke6 Kh7 62. Kf6 Kh8 63. Kg6 Kg8 64. Nh6+ Kh8 65. Nf7+ Kg8 66. Bb3 Kf8 67. Ne5 Ke7 68. Nd3 Kf8 69. Kf6 Ke8 70. Kg7 Kd7 71. Kf7 Kd6 72. Ke8 Kc6 73. Ke7 Kb5 74. Kd6 Kb6 75. Ba4 Ka5 76. Bd7 Kb6 77. Nf4 Ka5 78. Kc5 Ka6 79. Kb4 Kb7 80. Nd5 Ka6 81. Ka4 Ka7 82. Bc8 Ka8 83. Kb5 Ka7 84. Ba6 Ka8 85. Kb6 Kb8 86. Ne7 Ka8 87. Bb7+ 1-0

[Event "Lueneburg distr-chB"]
[Site "Buxtehude"]
[Date "2005.10.21"]
[Round "9"]
[White "Ehrlich, Sven"]
[Black "Heitmann, Timo"]
[Result "1/2-1/2"]
[WhiteElo "1766"]
[BlackElo "1760"]
[PlyCount "23"]
[EventDate "2005.10.15"]
[EventType "swiss"]
[EventRounds "9"]
[EventCountry "GER"]
[SourceTitle "EXT 2008"]
[Source "ChessBase"]
[SourceDate "2007.11.25"]
[SourceVersion "1"]
[SourceVersionDate "2007.11.25"]
[SourceQuality "1"]

1. Nf3 d5 2. c4 e6 3. g3 Nf6 4. b3 Be7 5. Bg2 0-0 6. 0-0 Nbd7 7. Bb2 c6 8. e3 b5 9. cxd5 cxd5 10. d4 Bb7 11. Nc3 a6 12. a4 1/2-1/2

[Event "Lueneburg distr-chB"]
[Site "Buxtehude"]
[Date "2005.10.19"]
[Round "7"]
[White "Peters, Stefan"]
[Black "Ehrlich, Sven"]
[Result "1-0"]
[WhiteElo "1899"]
[BlackElo "1766"]
[PlyCount "64"]
[EventDate "2005.10.15"]
[EventType "swiss"]
[EventRounds "9"]
[EventCountry "GER"]
[SourceTitle "EXT 2008"]
[Source "ChessBase"]
[SourceDate "2007.11.25"]
[SourceVersion "1"]
[SourceVersionDate "2007.11.25"]
[SourceQuality "1"]

1. e4 e6 2. d4 d5 3. Nd2 c5 4. Ngf3 cxd4 5. exd5 exd5 6. Nxd4 Nf6 7. Bb5+ Bd7 8. Qe2+ Qe7 9. 0-0 Nc6 10. N2b3 Qxe2 11. Bxe2 Nxd4 12. Nxd4 0-0-0 13. Bf4 a6 14. Rfd1 Ne4 15. Rac1 g5 16. Be3 Be7 17. c4 Kb8 18. cxd5 Rc8 19. Bh5 Nd6 20. h3 Rhf8 21. Be2 f5 22. Nf3 f4 23. Bc5 Rg8 24. Ne5 Bf5 25. Bg4 Bxg4 26. hxg4 h6 27. Re1 Rcd8 28. Bb6 Rde8 29. Nd7+ Ka8 30. Re6 Rh8 31. Rce1 Nc8 32. Bc5 Rh7 1-0

[Event "Lueneburg distr-chB"]
[Site "Buxtehude"]
[Date "2005.10.15"]
[Round "1"]
[White "Ehrlich, Sven"]
[Black "Urbanek, Paul Gerhard"]
[Result "1/2-1/2"]
[WhiteElo "1766"]
[BlackElo "1915"]
[PlyCount "70"]
[EventDate "2005.10.15"]
[EventType "swiss"]
[EventRounds "9"]
[EventCountry "GER"]
[SourceTitle "EXT 2008"]
[Source "ChessBase"]
[SourceDate "2007.11.25"]
[SourceVersion "1"]
[SourceVersionDate "2007.11.25"]
[SourceQuality "1"]

1. Nf3 d5 2. c4 e6 3. g3 Nf6 4. b3 Be7 5. Bg2 0-0 6. 0-0 c5 7. Bb2 dxc4 8. bxc4 Nc6 9. d3 Qc7 10. Nc3 a6 11. e3 Bd7 12. Qe2 Rad8 13. Rfd1 Bc8 14. Rab1 Rd7 15. Ba1 Rfd8 16. Ne1 Qa5 17. Rb3 h6 18. f4 Qc7 19. Na4 Na5 20. Rbb1 b5 21. cxb5 axb5 22. Rxb5 Ba6 23. Be5 Bd6 24. Rxc5 Qa7 25. Bxd6 Nb7 26. Rc7 Rxd6 27. Nc5 Nd5 28. Bxd5 Rxd5 29. Nxa6 Qxa6 30. Qc2 Nd6 31. d4 Qa3 32. Rc3 Qa8 33. Rc5 Nf5 34. Rxd5 Rxd5 35. Qb3 Ra5 1/2-1/2

[Event "Pinneberg-ch"]
[Site "Pinneberg"]
[Date "2005.09.01"]
[Round "4"]
[White "Ehrlich, Sven"]
[Black "Stier, Uwe"]
[Result "1-0"]
[WhiteElo "1638"]
[BlackElo "1699"]
[PlyCount "177"]
[EventDate "2005.08.11"]
[EventType "swiss"]
[EventRounds "7"]
[EventCountry "GER"]
[SourceTitle "EXT 2006"]
[Source "ChessBase"]
[SourceDate "2005.11.24"]
[SourceVersion "1"]
[SourceVersionDate "2005.11.24"]
[SourceQuality "1"]

1. Nf3 d6 2. c4 g6 3. g3 Bg7 4. Bg2 c6 5. Qb3 Nd7 6. d4 Ngf6 7. Nc3 0-0 8. 0-0 a6 9. e3 Qc7 10. Ng5 Rb8 11. a4 h6 12. Nge4 Nxe4 13. Bxe4 Nf6 14. Bg2 Bd7 15. Bd2 Qc8 16. Rfc1 Bh3 17. Bh1 Qf5 18. Qc2 Qc8 19. b4 b5 20. axb5 cxb5 21. c5 dxc5 22. dxc5 Rd8 23. Ra3 Bf5 24. e4 Be6 25. Bf4 Ra8 26. Rd1 Ng4 27. Nd5 Bxd5 28. exd5 g5 29. Be3 Ne5 30. Bd4 Nc4 31. Rad3 Bxd4 32. Rxd4 Ra7 33. h4 Nd6 34. hxg5 hxg5 35. Qd2 Qf5 36. cxd6 Rxd6 37. Be4 Qf6 38. Kg2 Rad7 39. Rh1 Qe5 40. Rh5 Qf6 41. Qxg5+ Kf8 42. Qxf6 Rxf6 43. Rd1 e6 44. d6 e5 45. Rxe5 Rfxd6 46. Red5 Rxd5 47. Rxd5 Rc7 48. Rd6 Rc4 49. Rxa6 Rxb4 50. Bd5 Rd4 51. Ra8+ Kg7 52. Bc6 b4 53. Rb8 Kf6 54. Ba4 Ke5 55. Bb3 f5 56. Re8+ Kf6 57. Re6+ Kg7 58. Kf3 Rd3+ 59. Re3 Rd4 60. Ke2 Rd6 61. Rd3 Rb6 62. Rd5 Kf6 63. Kd3 Rc6 64. Bc4 Kg5 65. Rb5 Kg4 66. Rxb4 Rd6+ 67. Ke2 Rd4 68. Ra4 Re4+ 69. Kf1 Kg5 70. Kg2 Rd4 71. Bb5 Rd2 72. Ba6 Rd8 73. Bb7 Rb8 74. Bc6 Rd8 75. Rf4 Rd2 76. Kf1 Ra2 77. Bd7 Ra1+ 78. Kg2 Ra5 79. Rxf5+ Rxf5 80. Bxf5 Kxf5 81. Kf3 Kg5 82. Ke4 Kf6 83. Kf4 Kg6 84. Ke5 Kg7 85. Ke6 Kf8 86. f4 Ke8 87. f5 Kf8 88. Kf6 Kg8 89. Ke7 1-0